000 00931cam a2200301 4500
008 090401t1993 xxu||||| |||| 00| 0 eng d
020 _a0854066020
035 _a(Sirsi) u58691
041 _aeng
050 _a306.2
_c18
090 _aRICS 1993/46ABCD
100 _aPutt, Tom
245 _aHousing management: compulsory competitive tendering and beyond.
260 _aLondon
_bRICS
_c1993
300 _a15p.
_c30cm.
350 _a4.95
490 _aRICS Research Paper Series
_v(28)
520 _aBased on a paper given at the Waves of Change Conference, Sheffield Business School, 5-6 April 1993.
650 _aCCT
650 _aCOMPULSORY COMPETITIVE TENDERING
650 _aHOUSING MANAGEMENT
650 _aWAVES OF CHANGE CONFERENCE
690 _aBlock management
_96220
700 _aSmith-Bowers, Bill
710 _aRoyal Institution of Chartered Surveyors
_94900
942 _n0
948 _c04/03/1997
999 _c94090
_d94090